Statistics for Countries and Capitals of South and Central America

Click here to take the quiz!

General Stats

  • This quiz has been taken 4,504 times
    (4,502 since last reset)
  • The average score is 15 of 20

Answer Stats

CountryCapital% Correct
ArgentinaBuenos Aires
94%
BrazilBrasilia
91%
PeruLima
91%
ChileSantiago
91%
ColombiaBogota
89%
VenezuelaCaracas
86%
EcuadorQuito
86%
BoliviaLa Paz
85%
UruguayMontevideo
85%
PanamaPanama City
84%
El SalvadorSan Salvador
84%
GuatemalaGuatemala City
77%
ParaguayAsuncion
76%
Costa RicaSan Jose
72%
GuyanaGeorgetown
69%
NicaraguaManagua
67%
SurinameParamaribo
62%
HondurasTegucigalpa
60%
BelizeBelmopan
57%
French GuineaCayenne
34%

Score Distribution

Percentile by Number Answered

Percent of People with Each Score

Your Score History

You have not taken this quiz since the last reset